|
|
|
|
| LEADER |
00000ny a22000003n 4500 |
| 005 |
20110510141122.0 |
| 008 |
100413s19739999fr a b i000 a fre d |
| 035 |
|
|
|a 2405
|
| 040 |
|
|
|a BUS
|d vLex
|
| 090 |
|
|
|c 1568
|d 1568
|
| 245 |
3 |
0 |
|a Tribunal des Conflits
|h [Recurso electrn̤ico]
|
| 256 |
|
|
|a Servicio en ln̕ea
|
| 260 |
|
|
|a [Francia] :
|b [s.n.]
|
| 650 |
0 |
4 |
|a Sentencias
|z Francia
|z Publicaciones perid̤icas
|
| 650 |
0 |
4 |
|a Tribunales
|z Francia
|z Publicaciones perid̤icas
|
| 740 |
0 |
|
|a vLex Revista (Servicios en ln̕ea)
|
| 843 |
|
|
|a Electrn̤ica. Abierta
|
| 853 |
|
|
|8 1
|i (year)
|j (month)
|k (day)
|
| 856 |
4 |
0 |
|z Acceso restringido
|u http://vlex.com/account/login_ip?fuente_id=2405
|
| 942 |
|
|
|c REV
|